Ultimate Cartoon Theme Song Quiz Stats

 Plays Quiz not verified by Sporcle

Also try: TV Family Surnames
Challenge
Share
Tweet
Score 0/50 Timer 20:00
0 Plays Today
Time Show % Correct
0:50-0:58Teen Titans
81.5%
6:45-6:55Pokemon
77.4%
5:43-5:51The Powerpuff Girls
73.2%
2:06-2:18Ben 10
68.7%
6:19-6:29Johnny Bravo
67.9%
3:06-3:16Ed Edd n Eddy
67.5%
6:55-7:06Star Wars Clone Wars
64.2%
1:30-1:40Fosters Home For Imaginary Friends
63.8%
9:06-9:18Dexter's Laboratory
63.4%
7:06-7:17Cow and Chicken
62.3%
1:53-2:06Codename Kids Next Door
60.8%
8:44-8:55Courage the Cowardly Dog
60.8%
Start-0:10Digimon
60.4%
3:50-4:04Grim Adventures of Billy and Mandy
55.8%
3:40-3:50Samurai Jack
54.7%
8:55-9:06Catdog
53.6%
2:18-2:33X-Men
44.9%
4:29-4:38I am Weasel
44.2%
1:12-1:20Gargoyles
42.6%
5:07-5:22Yu Gi Oh
38.9%
9:31-ENDJustice League Unlimited
38.5%
3:16-3:27Superman the Animated Series
37%
8:37-8:44Transformers
36.2%
3:27-3:40Rick and Morty
34.7%
0:10-0:21Bleach
31.7%
Time Show % Correct
7:29-7:40The Spectacular Spider-Man
30.9%
8:22-8:37Cowboy Bebop
30.9%
0:21-0:33Code Lyoko
30.6%
9:18-9:31Daria
29.8%
8:04-8:12Dragon Ball Z
29.4%
0:33-0:50Duck Dodgers
25.7%
8:12-8:22Hi Hi Puffy AmiYumi
25.3%
2:33-2:46Young Justice
21.5%
2:46-3:06Megas XLR
21.5%
4:52-5:07Beyblade
20.8%
5:51-6:01Mucha Lucha
20.8%
0:58-1:12Batman Beyond
19.2%
7:17-7:29Avengers Earths Mightiest Heroes
18.9%
1:20-1:30Xiaolin Showdown
18.1%
4:18-4:29Metalocalypse
15.8%
5:22-5:32Time Squad
12.8%
4:04-4:18Men in Black
8.7%
7:50-8:04Beast Wars
7.5%
1:40-1:53Beast Machines
4.9%
7:40-7:50Medabots
4.5%
6:10-6:19Duel Masters
4.2%
5:32-5:43Megaman NT Warrior
3.8%
4:38-4:52Robotech
3.4%
6:01-6:10Zoids Chaotic Century
1.5%
6:29-6:45Roughnecks Starship Troopers Chronicles
1.5%

You're not logged in!

Compare scores with friends on all Sporcle quizzes.
Join for Free
OR
Log In

You Might Also Like...

Show Comments

Extras

Top Quizzes Today


Score Distribution

Your Account Isn't Verified!

In order to create a playlist on Sporcle, you need to verify the email address you used during registration. Go to your Sporcle Settings to finish the process.

Report this User

Report this user for behavior that violates our Community Guidelines.

Details: